Memorias sobre el estado rural del Río de la Plata en 1801 : (Record no. 22164)

MARC details
000 -LEADER
campo de control de longitud fija 01410nam a2200289 i 4500
001 - NÚMERO DE CONTROL
campo de control 22164
003 - IDENTIFICADOR DE NÚMERO DE CONTROL
campo de control ES-MaACL
005 - FECHA Y HORA DE LA ÚLTIMA TRANSACCIÓN
campo de control 20260201161307.0
007 - CAMPO FIJO DE DESCRIPCIÓN FÍSICA--INFORMACIÓN GENERAL
campo de control de longitud fija t|
008 - DATOS DE LONGITUD FIJA--INFORMACIÓN GENERAL
campo de control de longitud fija 021223s1847 sp ||||1| spa d
080 ## - NÚMERO DE LA CLASIFICACIÓN DECIMAL UNIVERSAL
Número de la Clasificación Decimal Universal 918.2+918.99"17"
100 1# - ENTRADA PRINCIPAL--NOMBRE DE PERSONA
Nombre de persona Azara, Félix de,
Fechas asociadas al nombre 1742-1821
9 (RLIN) 24234
245 10 - MENCIÓN DEL TÍTULO
Título Memorias sobre el estado rural del Río de la Plata en 1801 :
Resto del título demarcación de límites entre el Brasil y el Paraguay a últimos del siglo XVII e informes sobre varios particulares de la América meridional española /
Mención de responsabilidad, etc. escritos póstumos de D. Félix de Azara... ; los publica su sobrino D. Agustín de Azara ; bajo la dirección de D. Basilio Sebastián Castellanos de Losada.
260 ## - PUBLICACIÓN, DISTRIBUCIÓN, ETC.
Lugar de publicación, distribución, etc. Madrid :
Nombre del editor, distribuidor, etc. [s.n.],
Fecha de publicación, distribución, etc. 1847 (
Fabricante Imp. de Sanchiz)
300 ## - DESCRIPCIÓN FÍSICA
Extensión VIII, 232 p. [1] h. de lám. ;
Dimensiones 22 cm.
500 ## - NOTA GENERAL
Nota general Retr. de Félix de Azara.
530 ## - NOTA DISPONIBLE DE FORMULARIO FÍSICO ADICIONAL
Nota de formato físico adicional disponible Disponible en formato digital.
650 #4 - PUNTO DE ACCESO ADICIONAL DE MATERIA--TÉRMINO DE MATERIA
Término de materia o nombre geográfico como elemento de entrada Indios de América del Sur.
9 (RLIN) 158618
651 #4 - PUNTO DE ACCESO ADICIONAL DE MATERIA--NOMBRE GEOGRÁFICO
Nombre geográfico Río de la Plata (Virreinato)-
Subdivisión de forma Historia.
9 (RLIN) 137351
651 #4 - PUNTO DE ACCESO ADICIONAL DE MATERIA--NOMBRE GEOGRÁFICO
Nombre geográfico Brasil-
Subdivisión general Fronteras-
Subdivisión geográfica Paraguay.
9 (RLIN) 153310
651 #4 - PUNTO DE ACCESO ADICIONAL DE MATERIA--NOMBRE GEOGRÁFICO
Nombre geográfico Paraguay-
Subdivisión general Fronteras-
Subdivisión geográfica Brasil.
9 (RLIN) 153311
700 1# - ENTRADA AGREGADA--NOMBRE PERSONAL
Nombre de persona Azara, Agustín de,
Fechas asociadas al nombre 1801-
9 (RLIN) 155373
700 1# - ENTRADA AGREGADA--NOMBRE PERSONAL
Nombre de persona Castellanos de Losada, Basilio Sebastián,
Fechas asociadas al nombre 1807-1891
9 (RLIN) 36540
852 4# - LOCALIZACIÓN
Ubicación ES-MaACL
Número de control de estantería T-26-F-3
856 4# - LOCALIZACIÓN Y ACCESO ELECTRÓNICOS
Identificador Uniforme de Recursos <a href="https://archive.org/details/memoriassobreel00losagoog/page/n9 ">https://archive.org/details/memoriassobreel00losagoog/page/n9 </a>
Nota pública Internet Archive
Holdings
Estatus retirado Estado de pérdida Estado de daño No para préstamo Colección Biblioteca de origen Biblioteca actual Ubicación en estantería Fecha de adquisición Fuente de adquisición Total de préstamos Signatura topográfica completa Código de barras Visto por última vez Precio de reemplazo Tipo de ítem Koha
        Colección de folletos Biblioteca del Ateneo de Madrid Biblioteca del Ateneo de Madrid Depósito folletos 17/01/2008     T-26-F-3 1022799 23/02/2023 23/02/2023 Folleto